|
|
|
|
| LEADER |
00000nam0a2200000 4500 |
| 001 |
327187 |
| 005 |
20231214141737.0 |
| 035 |
|
|
|a (RuTPU)RU\TPU\book\352847
|
| 090 |
|
|
|a 327187
|
| 100 |
|
|
|a 20170126d2015 m y0rusy50 ca
|
| 101 |
0 |
|
|a rus
|
| 102 |
|
|
|a RU
|
| 105 |
|
|
|a a j 000zy
|
| 200 |
1 |
|
|a Устройство РЛС 1РЛ33М3
|e учебное пособие
|f В. Д. Горев, А. И. Целебровский, А. А. Гаврилов
|g Национальный исследовательский Томский политехнический университет (ТПУ)
|
| 210 |
|
|
|a Томск
|c Изд-во ТПУ
|d 2015
|
| 215 |
|
|
|a 107 с.
|c ил.
|
| 330 |
|
|
|a Пособие разработано на основе учебной программы и тематического плана дисциплины "Устройство и эксплуатация ЗСУ-23-42" и содержит сведения об устройстве и принципе работы систем и блоков радиолокационной станции 1РЛЗЗМЗ. Схемы систем и блоков находятся в альбоме рисунков и схем "ЗСУ-23-4М. Часть 3. 1РЛЗЗМЗ", подготовленном отдельным изданием. Предназначено для студентов технических институтов, проходящих военную подготовку по военно-учетной специальности 042100 при изучении дисциплины "Устройство и эксплуатация ЗСУ-23-4".
|
| 452 |
|
1 |
|0 (RuTPU)RU\TPU\book\342393
|t Устройство РЛС 1РЛ33М3
|o учебное пособие
|f В. Д. Горев, А. И. Целебровский, А. А. Гаврилов
|g Национальный исследовательский Томский политехнический университет (ТПУ)
|c Томск
|n Изд-во ТПУ
|d 2015
|a Горев, Василий Дмитриевич
|
| 606 |
1 |
|
|a Зенитные ракетные комплексы
|2 stltpush
|3 (RuTPU)RU\TPU\subj\11807
|9 38702
|
| 606 |
1 |
|
|a Радиолокационные системы
|2 stltpush
|3 (RuTPU)RU\TPU\subj\22792
|9 47486
|
| 610 |
1 |
|
|a радиолокационные приборы
|
| 610 |
1 |
|
|a радиолокационные станции
|
| 610 |
1 |
|
|a 1РЛ33М3
|
| 610 |
1 |
|
|a передающие системы
|
| 610 |
1 |
|
|a антенно-волноводные системы
|
| 610 |
1 |
|
|a приемные системы
|
| 610 |
1 |
|
|a поисковые системы
|
| 610 |
1 |
|
|a системы измерения дальности
|
| 610 |
1 |
|
|a антенны
|
| 610 |
1 |
|
|a движущиеся цели
|
| 610 |
1 |
|
|a вторичные источники питания
|
| 610 |
1 |
|
|a управление
|
| 610 |
1 |
|
|a контроль
|
| 610 |
1 |
|
|a ферритовые переключатели
|
| 610 |
1 |
|
|a учебные пособия
|
| 610 |
1 |
|
|a труды учёных ТПУ
|
| 675 |
|
|
|a 621.396.96(075.8)
|v 4
|
| 686 |
|
|
|a Ц64я73
|2 rubbk
|
| 700 |
|
1 |
|a Горев
|b В. Д.
|c специалист в области военного дела
|c начальник Военной кафедры Томского политехнического университета
|f 1966-
|g Василий Дмитриевич
|3 (RuTPU)RU\TPU\pers\36473
|
| 701 |
|
1 |
|a Целебровский
|b А. И.
|c специалист в области военного дела
|c старший преподаватель Томского политехнического университета
|f 1972-
|g Алексей Игоревич
|3 (RuTPU)RU\TPU\pers\29005
|
| 701 |
|
1 |
|a Гаврилов
|b А. А.
|c специалист в области военного дела
|c преподаватель Томского политехнического университета
|f 1963-
|g Алексей Александрович
|3 (RuTPU)RU\TPU\pers\29006
|9 13726
|
| 712 |
0 |
2 |
|a Национальный исследовательский Томский политехнический университет (ТПУ)
|c (2009- )
|3 (RuTPU)RU\TPU\col\15902
|
| 801 |
|
1 |
|a RU
|b 63413507
|c 20170126
|
| 801 |
|
2 |
|a RU
|b 63413507
|c 20170206
|g RCR
|
| 942 |
|
|
|c BK
|